| 000 | 00360nam a2200133 a 4500 | ||
|---|---|---|---|
| 005 | 20140412111409.0 | ||
| 008 | 070817s19uu xx 00 eng d | ||
| 020 | _a0-448-41258-6 | ||
| 050 |
_aER _bGe39 1996 |
||
| 100 | _adePaola, Tomie | ||
| 245 |
_aGet dressed, Santa! / _cTomie dePaola. |
||
| 260 |
_aCanada : _bGrosset and Dunlap, _c1996. |
||
| 999 |
_c105616 _d105616 |
||